| 000 | 00669nam a2200169 i 4500 | ||
|---|---|---|---|
| 001 | 183495 | ||
| 003 | ES-MaACL | ||
| 005 | 20230906221914.0 | ||
| 008 | 140704s1900 sp |||| | spa d | ||
| 245 | 0 | 0 | _aReal Decreto de 16 de abril de 1900 dictando reglas para la celebración en Madrid del primer Congreso Social y Económico Hispano americano. |
| 260 |
_aMadrid : _b[s.n.], _c1900. |
||
| 300 |
_a10 p. ; _c20 cm. |
||
| 594 | _aPrecede al tit.: Ministerio de Estado. | ||
| 611 | 2 | 4 |
_aCongreso social y Económico Hispanoamericano. _d1900. _cMadrid) _9154905 |
| 710 | 2 |
_aUnión Ibero-Americana. _97037 |
|
| 852 |
_aES-MaACL _jT-985-F-1 _z.- Donat. Francisco Silvela |
||
| 999 |
_c183495 _d183495 |
||